| 000 | 00838nam a2200253 i 4500 | ||
|---|---|---|---|
| 001 | C2-0339679 | ||
| 003 | PPAK | ||
| 005 | 20180728141809.0 | ||
| 008 | 161221s2017 flua|||| ||||| | eng d | ||
| 020 | _a9781785231353 | ||
| 040 |
_aPPAK _beng _cPPAK _erda |
||
| 082 | 0 | 4 |
_a618.5 _223 |
| 090 | 0 | 0 |
_a618.5 _bEME _dR |
| 245 | 0 | 0 |
_aEmergencies around childbirth : _ba handbook for midwives |
| 250 | _aThird edition. | ||
| 264 | 1 |
_aBoca Raton, Florida : _bCRC Press/ Taylor & Francis , _c2017 |
|
| 300 |
_ax, 259 pages : _billustrations ; _c25 cm |
||
| 336 |
_2rdacontent _atext |
||
| 337 |
_2rdamedia _aunmediated |
||
| 338 |
_2rdacarrier _avolume |
||
| 500 | _aIncludes bibliographical references and index. | ||
| 650 | 1 | 0 | _aMidwifery. ; Obstetric Labor Complications - therapy. ; Pregnancy Complications - therapy. |
| 942 |
_ddc _cB |
||
| 999 |
_c136925 _d136925 |
||